000 00824cam a2200253 a 4500
999 _c1828
_d1828
001 143879
003 OSt
005 20180921123838.0
008 980924s1998 tnu 000 0 eng
010 _a 98067798
020 _a157736113X (pbk.)
040 _aDLC
_cDLC
050 0 0 _aBV4501.2
_b.B39265 1998
082 _a248.4
_bB471f
100 1 _aBennett, Richard A.
245 1 0 _aFood for faith :
_ba biblical manual : guidelines for a consistent and living fellowship with God /
_cRichard A. Bennett.
250 _a2nd ed.
260 _aFranklin, Tenn. :
_bProvidence House Publishers,
_c1998.
300 _a159 p. ;
_c18 cm.
650 0 _aChristian life.
906 _a7
_bcbc
_corignew
_d3
_eopcn
_f19
_gy-gencatlg
942 _2ddc
_cBK